Where Moses learnt to rule: (Record no. 3726)

000 -LEADER
fixed length control field 00605nam a2200193 a 4500
001 - CONTROL NUMBER
control field :::00001458$&:&@@
003 - CONTROL NUMBER IDENTIFIER
control field OkBaRHE
005 - DATE AND TIME OF LATEST TRANSACTION
control field 20000607103243.0
008 - FIXED-LENGTH DATA ELEMENTS--GENERAL INFORMATION
fixed length control field j 000 0 eng u
040 ## - CATALOGING SOURCE
Transcribing agency
100 1# - MAIN ENTRY--PERSONAL NAME
Personal name Duff, Mildred.
245 10 - TITLE STATEMENT
Title Where Moses learnt to rule:
Remainder of title scenes in the wilderness.
260 ## - PUBLICATION, DISTRIBUTION, ETC. (IMPRINT)
Place of publication, distribution, etc London, UK:EN., :
Name of publisher, distributor, etc Marshall Brothers
Date of publication, distribution, etc nd
300 ## - PHYSICAL DESCRIPTION
Extent 95 p. : illus. ;
Dimensions 19 cm.
650 ## - SUBJECT ADDED ENTRY--TOPICAL TERM
Topical term or geographic name as entry element Moses, the Patriarch.
700 ## - ADDED ENTRY--PERSONAL NAME
Personal name Hope, Noel, Illus.
942 ## - ADDED ENTRY ELEMENTS (KOHA)
Source of classification or shelving scheme
Koha item type Books
Copies
Copy number Not for loan Lost status Date acquired Permanent Location Source of classification or shelving scheme Full call number Damaged status Price effective from Barcode Koha item type Shelving location Date last seen Withdrawn status
1  2010-04-14RHEMA Bible Training College BS 580 .M6D8 2010-04-141458BooksGeneral Stacks2010-04-14